AS Monaco Squad 2022-2023 - Statistics

General Stats
  • This quiz has been taken 60 times
  • The average score is 17 of 28
Answer Stats
# Position Nation Player % Correct
17 MF Russia Aleksandr Golovin
96%
16 GK Germany Alexander Nübel
96%
10 FW France Wissam Ben Yedder
96%
36 FW Switzerland Breel Embolo
91%
3 DF Chile Guillermo Maripán
91%
18 FW Japan Takumi Minamino
87%
27 FW Senegal Krépin Diatta
83%
6 DF France Axel Disasi
78%
19 MF France Youssouf Fofana
78%
12 DF Brazil Caio Henrique
74%
31 FW Germany Kevin Volland
74%
77 FW Portugal Gelson Martins
70%
4 MF Mali Mohamed Camara
70%
2 DF Brazil Vanderson de Oliveira
70%
14 DF Senegal Ismail Jakobs
65%
5 DF France Benoît Badiashile
61%
9 FW Netherlands Myron Boadu
61%
15 MF Belgium Eliot Matazo
52%
34 DF France Chrislain Matsima
48%
44 MF France Eliesse Ben Seghir
48%
11 MF Brazil Jean Lucas
48%
- Coach Belgium Philippe Clement
43%
26 DF France Ruben Aguilar
43%
21 MF France Maghnes Akliouche
35%
30 GK France Thomas Didillon
35%
23 DF France Malang Sarr
30%
41 MF France Soungoutou Magassa
13%
29 MF France Félix Lemaréchal
9%
No matching quizzes found
Score Distribution
Percent of People with Each Score
Percentile by Number Answered
Your Score History
You have not taken this quiz